000 00719nam a2200229Ii 4500
003 JO-AjNU
005 20240520121030.0
008 230605s9999||||xx |||||||||||||| ||und||
040 _aJO-AjNU
_bara
_erda
_cJO-AjNU
041 _aara
050 1 4 _aBP161.2 1998
100 3 _aالمدرسي، محمد تقي,
_eauthor
_96897
245 0 0 _aالنهج الإسلامي: قراءة في مسيرة الحركة الإسلامية
250 _aط1
264 3 1 _aبيروت: دار الجيل، 1998
300 _a192ص
336 _atext
_btxt
_2rdacontent
337 _aunmediated
_bn
_2rdamedia
338 _avolume
_bnc
_2rdacarrier
650 4 _aالاسلام - النهج الاسلامي
_96898
942 _2lcc
_cBK
999 _c3573
_d3573